| 000 | 00649nam a22002177a 4500 | ||
|---|---|---|---|
| 999 |
_c6845 _d6845 |
||
| 003 | AR-CdUCM | ||
| 008 | 190319b ||||| |||| 00| 0 spa d | ||
| 040 |
_aMUNICIPALIDAD PROVINCIAL DEL CUSCO _cBIBLIOTECA MUNICIPAL DEL CUSCO |
||
| 082 |
_a869.56 / _bD87 |
||
| 110 |
_aDolorier editores _919287 |
||
| 245 |
_aPoemas : _bChe / |
||
| 260 |
_aLima : _bDolorier editores, _c1976. |
||
| 300 |
_a21 paginas ; _c21 cm. |
||
| 500 | _aDonación familia Nieto. | ||
| 505 | _aContenido :Poemas, Che. | ||
| 650 |
_aPoemas peruanos _91040 |
||
| 650 |
_aLiteratura peruana _9169 |
||
| 650 |
_aLiteratura siglo XX _91173 |
||
| 942 |
_2ddc _cLIBROS |
||
| 945 | _arum | ||